Name the Anime! Quiz Stats

Quiz not verified by Sporcle

Challenge
Share
Tweet
Embed
Score 0/40 Timer 07:00
0 Plays Today
Characters Anime % Correct
Edward Elric, Alphonse Elric, Van HohenheimFullmetal Alchemist
96.6%
L Lawliet, Light Yagami, Misa AmaneDeath Note
96.2%
Erza Scarlet, Natsu Dragneel, Lucy HeartfiliaFairy Tail
91%
Maka Albarn, Death the Kid, Tsubaki NakatsukasaSoul Eater
91%
Roronoa Zoro, Usopp, NamiOne Piece
88%
Rukia Kuchiki, Orihime Inoue, Keigo AsanoBleach
86.8%
Mikasa Ackerman, Armin Arlert, Eren JaegerShingeki no Kyojin
85.5%
Minato Namikaze, Kakashi Hatake, Obito UchihaNaruto
84.6%
Gintoki Sakata, Shinpachi Shimura, KaguraGintama
79.9%
Kazuto Kirigaya, Asuna Yuuki, Ayano KeikoSword Art Online
73.9%
Yuzuru Otonashi, Kanade Tachibana, T.K.Angel Beats!
69.7%
Hideki Motosuwa, Chitose Hibiya, ChiiChobits
59%
Hei, Yin, MaoDarker than Black: Kuro no Keiyakusha
58.1%
Azusa Nakano, Mio Akiyama, Ritsu TainakaK-On!
53.4%
Shu Ouma, Inori Yuzuriha, Gai TsutsugamiGuilty Crown
47.9%
Ladd Russo, Nice Holystone, Firo ProchainezoBaccano!
43.2%
Kotomi Ichinose, Kyou Fujibayashi, Fuko IbukiClannad
42.7%
Kotonoha Katsura, Sekai Saionji, Makoto ItouSchool Days
40.6%
Rena Ryuugu, Mion Sonozaki, Rika FurudeHigurashi no Naku Koro Ni
38.9%
Ryouta Kise, Daiki Aomine, Satsuki MomoiKuroko no Basuke
37.2%
Characters Anime % Correct
Makoto Naegi, Kyouko Kirigiri, Byakuya TogamiDanganRonpa: The Animation
31.6%
Shinya Kougami, Akane Tsunemori, Shuusei KagariPsycho-Pass
30.3%
Tsubaki Kasugano, Uryuu Minene, Takao HiyamaMirai Nikki
28.6%
Chiyuri Kurashima, Kuroyukihime, Haruyuki AritaAccel World
28.2%
Tenma Tsukamoto, Eri Sawachika, Suou MikotoSchool Rumble
27.8%
Tohka Yatogami, Kurumi Tokisaki, Kotori ItsukaDate a Live
25.2%
Maki Nishikino, Nico Yazawa, Kotori MinamiLove Live! School Idol Project
25.2%
Chihaya Ayase, Taichi Mashima, Wataya ArataChihayafuru
21.8%
Tadakuni, Hidenori Tabata, Yoshitake TanakaDaily Lives of Highschool Boys
18.8%
Teito Klein, Frau, Ayanami07-Ghost
16.2%
Hikari Hanazono, Ryuu Tsuji, Sakura UshikuboSpecial A
15.4%
Sakamaki Izayoi, Kurousagi, You KasukabeMondaiji-tachi ga Isakai kara Kuru Sou desu yo?
15%
Kanade Suzutsuki, Konoe Subaru, Sakamachi KinjirouMayo Chiki
13.7%
Yukiho Hagiwara, Iori Minase, Miki HoshiiThe Idolm@ster
12.4%
Ryouta Sakamoto, Himiko, Kousuke KiraBtooom!
12.4%
Akari Akaza, Kyoko Toshino, Chinatsu YoshikawaYuruYuri
10.7%
Youto Yokodera, Azusa Azuki, Tsukiko TsutsukakushiHentai Ouji to Warawanai Neko
9%
Maho Misawa, Hinata Hakamada, Airi KashiiRo-Kyu-Bu!
4.7%
Raishin Akabane, Yaya, Charlotte BelewMachine-Doll wa Kizutsukanai
3.8%
Love Momozono, Inori Yamabuki, Miki AonoFresh Pretty Cure
3%

You're not logged in!

Compare scores with friends on all Sporcle quizzes.
Join for Free
OR
Log In

You Might Also Like...

Show Comments

Extras

Top Quizzes Today


Score Distribution

Your Account Isn't Verified!

In order to create a playlist on Sporcle, you need to verify the email address you used during registration. Go to your Sporcle Settings to finish the process.

Report this User

Report this user for behavior that violates our Community Guidelines.

Details: